Design of concrete structures (Record no. 3622)

000 -LEADER
fixed length control field 00547nam a22002057a 4500
001 - CONTROL NUMBER
control field 3622
003 - CONTROL NUMBER IDENTIFIER
control field BD-DhUET
008 - FIXED-LENGTH DATA ELEMENTS--GENERAL INFORMATION
fixed length control field 141102b xxu||||| |||| 00| 0 eng d
040 ## - CATALOGING SOURCE
Transcribing agency 0
Modifying agency BD-DhUET
082 ## - DEWEY DECIMAL CLASSIFICATION NUMBER
Classification number 624.183
Item number WIN/1972
100 ## - MAIN ENTRY--PERSONAL NAME
Personal name Winter, George
245 ## - TITLE STATEMENT
Title Design of concrete structures
Statement of responsibility, etc. by George Winter and Arthur H. Nilson
250 ## - EDITION STATEMENT
Edition statement 8th ed.
260 ## - PUBLICATION, DISTRIBUTION, ETC. (IMPRINT)
Place of publication, distribution, etc. New York
Name of publisher, distributor, etc. McGraw-Hill
Date of publication, distribution, etc. 1972
300 ## - PHYSICAL DESCRIPTION
Extent xii,615p.
504 ## - BIBLIOGRAPHY, ETC. NOTE
Bibliography, etc Includes bibliographies
650 #0 - SUBJECT ADDED ENTRY--TOPICAL TERM
Topical term or geographic name as entry element Reinforced concrete
700 ## - ADDED ENTRY--PERSONAL NAME
Personal name Nilson, Arthur H.
942 ## - ADDED ENTRY ELEMENTS (KOHA)
Koha item type General Book
Holdings
Sublocation or collection (holding branch) Koha item type Date acquired Koha normalized classification for sorting Location (home branch) Price effective from Withdrawn status Koha date last borrowed Koha full call number Shelving location Damaged status Not for loan Lost status Koha issues (times borrowed) Source of classification or shelving scheme Copy number Koha date last seen Piece designation (barcode)
Central Library, BUETGeneral Book2014-11-02624_183000000000000_WIN_1972Central Library, BUET2014-11-02 2025-05-26624.183/WIN/1972Circulation section   2 12025-06-1839870
Central Library, BUETGeneral Book2014-11-02624_000000000000000_183WIN1972Central Library, BUET2014-11-02 2025-05-26624.183/WIN/1972Circulation section   1 22025-05-2844253
Central Library, BUETGeneral Book2014-11-18624_000000000000000_183WIN1972Central Library, BUET2014-11-18  624.183/WIN/1972Circulation section     32014-11-1839869
Central Library, BUETGeneral Book2014-11-18624_000000000000000_183WIN1972Central Library, BUET2014-11-18  624.183/WIN/1972Circulation section     42014-11-1839871
Central Library, BUETGeneral Book2015-02-22624_183000000000000_WIN_1972Central Library, BUET2015-02-22 2025-05-27624.183/WIN/1972Circulation section   2 52025-06-2842844
Central Library, BUETGeneral Book2015-02-22624_183000000000000_WIN_1972Central Library, BUET2015-02-22  624.183/WIN/1972Circulation section     62015-02-2254930
Central Library, BUETGeneral Book2015-05-07624_183000000000000_WIN_1972Central Library, BUET2015-05-07 2025-05-26624.183/WIN/1972Circulation section   1 72025-05-2745112